000 00300nam a2200121Ia 4500
008 220204s9999 xx 000 0 und d
082 _a621.38
_bMIL.5
245 0 _aBasic electronics. V 5
260 _aBombay
_bTaraporevala
_c1967
650 _aPower circuits
700 _aMileaf, Harry
942 _cBK
999 _c22722
_d22722